[Event "Florianopolis op 5th"]
[Site "Florianopolis"]
[Date "2019.01.21"]
[Round "1"]
[White "Betti, Dulcineia"]
[Black "Santos Filho, Tadeu Souza"]
[Result "0-1"]
[WhiteElo "1588"]
[BlackElo "2086"]
[PlyCount "98"]
[EventDate "2019.01.21"]
[EventType "swiss"]
[EventRounds "10"]
[EventCountry "BRA"]
[SourceTitle "CBM 188 Extra"]
[Source "ChessBase"]
[SourceDate "2019.02.26"]
[SourceVersion "1"]
[SourceVersionDate "2019.02.26"]
[SourceQuality "1"]

1. e4 e6 2. d4 d5 3. e5 c5 4. c3 Nc6 5. Bb5 Qb6 6. Bxc6+ bxc6 7. Nf3 Ba6 8. Nbd2 cxd4 9. cxd4 c5 10. Nb3 cxd4 11. Qxd4 Qb5 12. Qe3 Bb4+ 13. Bd2 Ne7 14. Nfd4 Qb6 15. a3 Bxd2+ 16. Qxd2 Bc4 17. Qa5 Bxb3 18. Qxb6 axb6 19. Nxb3 Ra4 20. 0-0 Kd7 21. Rac1 Ng6 22. f4 Nxf4 23. Rc2 f6 24. exf6 gxf6 25. g3 Rg8 26. Kh1 Nh5 27. Rfc1 Ra7 28. Nd4 e5 29. Nb5 Rb7 30. Rc6 d4 31. Rd6+ Ke7 32. Rdc6 Rd8 33. Rc7+ Rxc7 34. Rxc7+ Rd7 35. Rc6 d3 36. Nc3 e4 37. Nxe4 d2 38. Nxd2 Rxd2 39. Rxb6 f5 40. Rb7+ Ke6 41. Rxh7 Nf6 42. Rb7 Nd7 43. a4 Ne5 44. a5 Nf3 45. Rh7 Rxb2 46. a6 Ra2 47. a7 Ke5 48. Rc7 Kd4 49. Rd7+ Ke3 0-1

[Event "Parana-chT (Women) 61st"]
[Site "Londrina"]
[Date "2018.09.25"]
[Round "3.2"]
[White "Fernandes, Paola Helena da Sil"]
[Black "Betti, Dulcineia"]
[Result "1/2-1/2"]
[WhiteElo "1674"]
[BlackElo "1588"]
[PlyCount "96"]
[EventDate "2018.09.24"]
[EventType "team-tourn"]
[EventRounds "6"]
[EventCountry "BRA"]
[SourceTitle "CBM 187 Extra"]
[Source "ChessBase"]
[SourceDate "2018.11.04"]
[SourceVersion "1"]
[SourceVersionDate "2018.11.04"]
[SourceQuality "1"]
[WhiteTeam "Pirai do Sul (W)"]
[BlackTeam "Francisco Beltrao (W)"]
[WhiteTeamCountry "BRA"]
[BlackTeamCountry "BRA"]

1. e4 d5 2. exd5 Qxd5 3. Nc3 Qa5 4. d4 c6 5. Bc4 Nf6 6. Bd2 Qb6 7. Nf3 Bg4 8. Be2 Bxf3 9. Bxf3 Qxd4 10. Be3 Qxd1+ 11. Rxd1 e6 12. a3 Nbd7 13. 0-0 Ne5 14. Be2 Neg4 15. Bd4 e5 16. Bxg4 Nxg4 17. Bxe5 Nxe5 18. Rfe1 f6 19. f4 Bc5+ 20. Kh1 0-0 21. fxe5 fxe5 22. Rxe5 Bd6 23. Ree1 Rad8 24. b4 Bc7 25. Rxd8 Bxd8 26. g3 Bf6 27. Na4 b6 28. Re6 Rc8 29. Kg2 Kf7 30. Rd6 c5 31. Rd7+ Ke8 32. Rxa7 cxb4 33. axb4 Rxc2+ 34. Kf3 Rxh2 35. Ra8+ Kf7 36. Nxb6 Rb2 37. Nd5 Rb3+ 38. Kg4 Be5 39. Ra7+ Ke6 40. Nf4+ Bxf4 41. gxf4 Rxb4 42. Rxg7 Rb1 43. Rxh7 Rg1+ 44. Kf3 Rf1+ 45. Ke3 Re1+ 46. Kf2 Re4 47. Kf3 Ra4 48. Kg3 Kf6 1/2-1/2

[Event "Foz do Iguacu op 4th"]
[Site "Foz do Iguacu"]
[Date "2014.06.21"]
[Round "6"]
[White "Betti, Dulcineia"]
[Black "Peres, Michelli Mara"]
[Result "1-0"]
[WhiteElo "1805"]
[BlackElo "1767"]
[PlyCount "81"]
[EventDate "2014.06.19"]
[EventType "swiss"]
[EventRounds "7"]
[EventCountry "BRA"]
[SourceTitle "CBM 161 Extra"]
[Source "ChessBase"]
[SourceDate "2014.08.29"]
[SourceVersion "1"]
[SourceVersionDate "2014.08.29"]
[SourceQuality "1"]

1. e4 e6 2. d4 d5 3. e5 Nc6 4. c3 f6 5. Nf3 fxe5 6. Nxe5 Nxe5 7. dxe5 Bd7 8. Bd3 Ne7 9. Bg5 g6 10. h4 Qb8 11. h5 Rg8 12. Qf3 Bg7 13. hxg6 Nxg6 14. Rxh7 Nxe5 15. Qh5+ Kf8 16. Be7+ Kxe7 17. Qxe5 Qf8 18. Qxc7 Rh8 19. Qc5+ Kf6 20. Qd4+ e5 21. Qh4+ Ke6 22. Qg4+ Kd6 23. Qxg7 Qxg7 24. Rxg7 Rag8 25. Rxg8 Rxg8 26. Kf1 e4 27. Be2 Rf8 28. Kg1 Ke5 29. Nd2 Rg8 30. g3 Bg4 31. Bxg4 Rxg4 32. Re1 b5 33. Nf3+ Kf5 34. Nd4+ Ke5 35. Nxb5 e3 36. Rxe3+ Kf5 37. Nd4+ Rxd4 38. cxd4 a5 39. Re5+ Kg4 40. Kg2 a4 41. f3# 1-0

[Event "Foz do Iguacu op 4th"]
[Site "Foz do Iguacu"]
[Date "2014.06.19"]
[Round "1"]
[White "Lukachewski Junior, Wanderlei"]
[Black "Betti, Dulcineia"]
[Result "1-0"]
[WhiteElo "2037"]
[BlackElo "1805"]
[PlyCount "77"]
[EventDate "2014.06.19"]
[EventType "swiss"]
[EventRounds "7"]
[EventCountry "BRA"]
[SourceTitle "CBM 161 Extra"]
[Source "ChessBase"]
[SourceDate "2014.08.29"]
[SourceVersion "1"]
[SourceVersionDate "2014.08.29"]
[SourceQuality "1"]

1. d4 d5 2. c4 Nf6 3. Nc3 Nc6 4. cxd5 Nxd5 5. e4 Nf6 6. Bb5 e6 7. d5 exd5 8. exd5 a6 9. Ba4 b5 10. Nxb5 axb5 11. Bxb5 Bb4+ 12. Kf1 0-0 13. Bxc6 Rb8 14. Nf3 Ba6+ 15. Kg1 Bb5 16. Bf4 Bd6 17. Bxd6 Qxd6 18. b3 Rfd8 19. Nd4 Ba6 20. Qf3 Nxd5 21. Bxd5 Qxd5 22. Nc6 Qxf3 23. gxf3 Bb7 24. Nxb8 Bxf3 25. Na6 Rd6 26. Nxc7 Rg6+ 27. Kf1 Bxh1 28. Ke2 Bb7 29. Rc1 Rh6 30. a4 Rxh2 31. a5 Rh3 32. a6 Bf3+ 33. Kd2 Be4 34. Rc4 Bg2 35. Nb5 h6 36. Nd4 Rh5 37. f3 Ra5 38. Ra4 Rd5 39. a7 1-0